Lamson of the Gettysburg : the Civil War letters of Lieutenant Roswell H. Lamson, U.S. Navy /

Bibliographic Details
Main Author: Lamson, Roswell Hawks
Other Authors: McPherson, Patricia R., McPherson, James M.
Format: Book
Language:English
Published: New York : Oxford University Press, 1997.
Subjects:

MARC

Tag First Indicator Second Indicator Subfields
LEADER 00000cam a2200000 a 4500
001 in00001402579
005 20151020055434.0
008 970320s1997 nyuab 001 0deng
010 |a  97011129  
020 |a 0195116984 
035 |a (OCoLC)36647875 
035 |9 AHN4468AM 
040 |a DLC  |c DLC  |d TXA  |d UtOrBLW 
043 |a n-us--- 
049 |a TXAM 
050 0 0 |a E595.G48  |b L36 1997 
082 0 0 |a 973.7/5  |2 21 
100 1 |a Lamson, Roswell Hawks. 
245 1 0 |a Lamson of the Gettysburg :  |b the Civil War letters of Lieutenant Roswell H. Lamson, U.S. Navy /  |c edited by James M. McPherson and Patricia R. McPherson. 
264 1 |a New York :  |b Oxford University Press,  |c 1997. 
300 |a xvii, 240 pages :  |b illustrations, maps ;  |c 24 cm. 
336 |a text  |b txt  |2 rdacontent 
337 |a unmediated  |b n  |2 rdamedia 
338 |a volume  |b nc  |2 rdacarrier 
500 |a Includes bibliographical references and index. 
600 1 0 |a Lamson, Roswell Hawks  |x Correspondence. 
610 1 0 |a United States.  |b Navy  |x Officers  |x Correspondence. 
610 2 0 |a Gettysburg (Ship) 
651 0 |a United States  |x History  |y Civil War, 1861-1865  |x Naval operations. 
651 0 |a United States  |x History  |y Civil War, 1861-1865  |v Personal narratives. 
610 1 0 |a United States.  |b Navy  |v Biography. 
651 0 |a Oregon  |v Biography. 
700 1 |a McPherson, Patricia R. 
700 1 |a McPherson, James M. 
948 |a c:dm 
999 |a MARS 
999 f f |s fc49809b-420a-3401-b53e-b8fa3cb5298a  |i d6cd8708-cbf3-3031-93f0-62c4f523695d  |t 0 
952 f f |p ric  |a Texas A&M University  |b Rellis Campus  |c Joint Library Facility  |d Remote Storage  |t 0  |e E595.G48 L36 1997  |h Library of Congress classification  |i unmediated -- volume  |m A14822216763 
998 f f |a E595.G48 L36 1997  |t 0  |l Remote Storage